Norma Chilena Oficial NCh 2183 Of92

Spremljeno u:
Bibliografski detalji
Autori kompanije: Instituto Nacional de Normalización (Autor), INN (Autor)
Format: Knjiga
Jezik:španjolski
Izdano: Santiago Instituto Nacional de Normalización 1992
Izdanje:1a. ed
Teme:
Oznake: Dodaj oznaku
Bez oznaka, Budi prvi tko označuje ovaj zapis!

MARC

LEADER 00000nam a2200000 a 4500
001 UCK5843
003 CL-VaPUC
008 050826e19920000CL |||||||||||||||||spa|d
082 0 4 |a 691.3  |b INS  |2 21 
110 2 |a Instituto Nacional de Normalización  |e author  |9 494835 
710 2 |a INN  |e author  |9 494836 
245 1 0 |a Norma Chilena Oficial NCh 2183 Of92 
246 1 0 |a Hormigón y mortero - Método de ensayo - Determinación del tiempo de fraguado 
250 |a 1a. ed 
300 |a 9 p 
942 |c BK 
945 |d 20050826 00:00:00  |a cmena 
260 |a Santiago  |b Instituto Nacional de Normalización  |c 1992 
650 0 |a Hormigones  |9 262546 
650 0 |a Materiales de construcción  |9 260197 
650 7 |a MORTEROS  |2 CL-VaPUC  |9 262664 
650 7 |a ENSAYOS DE LABORATORIO  |2 CL-VaPUC  |9 262663 
583 |a last modification  |c 20050826 00:00:00  |k Rodrigo Vera 
999 |c 314295  |d 314293